000 00505nam a2200205Ia 4500
003 OSt
005 20221005035943.0
006 a|||||r|||| 00| 0
007 ta
008 221004b |||||||| |||| 00| 0 eng d
024 _a114511
037 _cTextual
040 _aCRL
_cCRL
_beng
041 _2eng
_aeng
100 _aTyagi Murari lal
_9588798
245 0 _aMan mera kyo udaas hai
260 _aDelhi
_bManisha India
942 _cTEXL
_2cc
999 _c946109
_d946109